| 000 | 00544nam a22001817a 4500 | ||
|---|---|---|---|
| 999 |
_c57712 _d57712 |
||
| 005 | 20221105212704.0 | ||
| 008 | 201001s2018 enk||||| |||| 00| 0 eng d | ||
| 020 | _a9789352701889 | ||
| 041 | _aeng | ||
| 080 | _a575 S-72 | ||
| 100 |
_aSontakke, Yogesh Ashok _99577 |
||
| 245 |
_aPrinciples of Clinical Genetics / _cYogesh Ashok Sontakke. |
||
| 264 |
_aNew Delhi : _bJaypee, _c2018. |
||
| 300 |
_a126 p. _b24 cm. |
||
| 653 | _aმედიცინა | ||
| 653 | _aკლინიკური გენეტიკა | ||
| 942 |
_2udc _cBK |
||